000 00887cam a2200217 4500
001 WB3601-44
008 000000n1999 000 0 eng u
035 _a(Sirsi) u103364
245 _aSurveyors warn about new rates
260 _c1999
490 _aWestern Mail
_v 22 December 1999, 6(1)
520 _aThe RICS in Wales warns that the decision by the National Assembly to get rid of transitional relief for business properties with a rateable value of more than £25,000 will mean that many owners of larger properties in Wales will pay more than their counterparts in England. This could discourage businesses to relocate to Wales or even lead to an exodus of firms.
590 _aWB
650 _aBUSINESS RATES
650 _aRICS
650 _aWALES
650 _aRATEABLE VALUES
650 _aTRANSITIONAL RELIEF
690 _aRATING AND LOCAL TAXATION
942 _n0
999 _c62121
_d62121